| 000 | 01280cam a22003617a 4500 | ||
|---|---|---|---|
| 003 | CHAP | ||
| 005 | 20220329135434.0 | ||
| 008 | 971013s1962 r 00010 d | ||
| 010 | _a36493 | ||
| 011 | _a37465 | ||
| 035 | _a41585 | ||
| 040 | _cCHAP | ||
| 090 | _aTesis | ||
| 100 | 0 | 0 |
_aOrtega Andapia, Alfonso. _983763 |
| 245 | 1 | 3 |
_aLa revista Agricultura Técnica en México como medio de información científico-técnico _b: una encuesta realizada entre su lectoría nacional |
| 260 |
_aChapingo, Méx. : _bEl autor, _c1962 |
||
| 300 |
_aPag. varía. _b: ilus. |
||
| 502 | _aTesis (Ing. Agr. Esp. en Fitotecnia) -- ENA. Departamento de Fitotecnia | ||
| 590 |
_aALEPH _b10 _c20130110 _lUCH01 _h1301 |
||
| 590 |
_aBATCH-UPD _b10 _c20130110 _lUCH01 _h1853 |
||
| 590 |
_aBATCH-UPD _b10 _c20130410 _lUCH01 _h1221 |
||
| 590 |
_aBATCH-UPD _b10 _c20130914 _lUCH01 _h1305 |
||
| 590 |
_aCONVERSION _b10 _c20130109 _lUCH01 _h1320 |
||
| 650 | 1 | 4 |
_aEncuestas. _936846 |
| 650 | 1 | 4 |
_aExtensión agrícola. _939144 |
| 650 | 1 | 4 |
_aPeriodismo técnico. _987181 |
| 790 | _aAgricultura Técnica en México | ||
| 901 | _aBK | ||
| 942 | _cFOLL | ||
| 949 |
_bBC _cTES _d-95498 _eTS1 _i41585 _si |
||
| 949 |
_bBC _cTES _d-95499 _eTS2 _fc.2 _i41585 _si |
||
| 949 |
_bBC _cTES _d-95501 _eTS2 _fc.3 _h22995 _i41585 _si |
||
| 999 |
_c36493 _d36493 |
||